Quiz o Łęcznej - Statystyki

Ogólne statystyki
  • Ten quiz został rozwiązany 14 razy
  • Średni wynik to 8 z 12
Statystyki odpowiedzi
Wskazówka Odpowiedź % Poprawnych
Jakie zwierzę znajduje się na herbie Łęcznej? Czarny {dzik}
88%
Jak nazywa się klub piłkarski z Łęcznej? {Górnik} Łęczna
88%
Jakie rejestracje samochodowe ma Łęczna? LLE
88%
Nad jakimi dwiema rzekami leży Łęczna? Świnka
75%
Nad jakimi dwiema rzekami leży Łęczna? Wieprz
75%
W którym roku Łęczna otrzymała prawa miejskie? 1467
63%
W jakiej aglomeracji leży Łęczna? Aglomeracja {lubelska}
63%
Makroregion w którym leży Łęczna Polesie {Zachodnie}
63%
Jak się nazywa burmistrz Łęcznej? Leszek Włodarski
50%
Łęczna składa się z ... ośmiu {osiedli}
50%
Jaka jest powierzchnia Łęcznej? {19} km²
38%
Hasło promocyjne Łęcznej Łączy nas energia
25%
Nie znaleziono quizów pasujących do podanych kryteriów
Rozkład punktacji
Procent ludzi z każdym wynikiem
Percentyl według liczby udzielonych odpowiedzi
Twoja historia wyników
Nie rozwiązałeś tego quizu